Top Music Artists of the 2010s (2010–2020) - Statistics

General Stats
  • This quiz has been taken 114 times
  • The average score is 14 of 30
Answer Stats
Rank Artist Genre Nationality % Correct
1 Drake Hip-Hop / R&B / Pop Rap Canada
86%
4 Rihanna Pop / R&B / Dancehall Barbados
83%
2 Taylor Swift Pop / Country Pop / Indie Pop United States
82%
14 Justin Bieber Pop / R&B Canada
80%
10 Eminem Hip-Hop / Rap United States
66%
5 Beyoncé R&B / Pop / Soul United States
63%
6 Ed Sheeran Pop / Folk Pop / Acoustic United Kingdom
63%
13 Kendrick Lamar Hip-Hop / Conscious Rap United States
63%
3 Kanye West Hip-Hop / Experimental Rap United States
62%
9 Bruno Mars Pop / Funk / R&B United States
59%
8 The Weeknd R&B / Pop / Alternative R&B Canada
56%
7 Adele Pop / Soul United Kingdom
55%
19 Nicki Minaj Hip-Hop / Pop Rap Trinidad and Tobago / United States
55%
30 Shakira Pop / Latin Pop / Reggaeton / World Music Colombia
52%
17 Jay-Z Hip-Hop / Rap United States
51%
16 Ariana Grande Pop / R&B United States
48%
15 Daft Punk Electronic / House / Disco France
48%
11 Lady Gaga Pop / Dance Pop / Electronic United States
42%
12 Coldplay Alternative Rock / Pop Rock United Kingdom
35%
20 David Guetta Electronic Dance Music (EDM) / Pop France
35%
29 Pitbull Pop / Latin Pop / Dance United States
33%
27 Travis Scott Trap / Hip-Hop United States
32%
28 Billie Eilish Pop / Alternative Pop United States
31%
26 Maroon 5 Pop Rock / Pop United States
31%
18 Post Malone Pop Rap / Hip-Hop / Rock United States
30%
21 Sia Pop / Electropop Australia
25%
22 Calvin Harris EDM / Dance / Pop United Kingdom
24%
23 Imagine Dragons Pop Rock / Alternative Rock United States
23%
24 Future Trap / Hip-Hop United States
20%
25 Lana Del Rey Indie Pop / Alternative Pop United States
11%
No matching quizzes found
Score Distribution
Percent of People with Each Score
Percentile by Number Answered
Your Score History
You have not taken this quiz